000 00501nam a2200205Ia 4500
005 20240823051723.0
008 240823s9999||||xx |||||||||||||| ||und||
020 _a978-0-558-81987-3
041 _aENGLISH
082 _A658.8 Q1
100 _aPhilip Kotiler
245 0 _aMarketing An Introduction
250 _a1st
260 _c2011
_bPearson Education Internat
500 _aYES
650 _aMarketing
_bManagement Studies
700 _a Gary Armstrong
942 _cBK
999 _c220225
_d220225